LEADER 03962nam 2200721 450 001 9910464741203321 005 20210422233415.0 010 $a3-11-038746-8 010 $a3-11-035029-7 024 7 $a10.1515/9783110350296 035 $a(CKB)3360000000515197 035 $a(EBL)1575451 035 $a(SSID)ssj0001432367 035 $a(PQKBManifestationID)11845905 035 $a(PQKBTitleCode)TC0001432367 035 $a(PQKBWorkID)11388902 035 $a(PQKB)11084351 035 $a(MiAaPQ)EBC1575451 035 $a(DE-B1597)247045 035 $a(OCoLC)979626699 035 $a(DE-B1597)9783110350296 035 $a(Au-PeEL)EBL1575451 035 $a(CaPaEBR)ebr11010251 035 $a(CaONFJC)MIL806376 035 $a(OCoLC)897443847 035 $a(EXLCZ)993360000000515197 100 $a20150211h20142014 uy 0 101 0 $aeng 135 $aur|nu---|u||u 181 $ctxt 182 $cc 183 $acr 200 10$aDiscursive remembering $eindividual and collective remembering as a discursive, cognitive and historical process /$fLucas M. Bietti 210 1$aBerlin, [Germany] ;$aBoston, [Massachusetts] :$cDe Gruyter,$d2014. 210 4$d©2014 215 $a1 online resource (186 p.) 225 1 $aMedia and Cultural Memory =$aMedien und kulturelle Erinnerung,$x1613-8961 ;$vVolume 16 300 $aDescription based upon print version of record. 311 $a3-11-035030-0 311 $a3-11-035017-3 320 $aIncludes bibliographical references and index. 327 $tFront matter --$tAcknowledgments --$tContents --$t1. Introduction --$t2. Constructing a Collective Memory in Argentina --$t3. A Cognitive Pragmatics of Remembering --$t4. Remembering in Commemorative Speeches --$t5. Memories of an 'Ordinary' Man --$t6. Memories of a Political Activist --$t7. Family Remembering --$t8. Generational Remembering --$t9. Conclusions: Bringing Things Together --$tReferences --$tIndex 330 $aThis book aims at building a bridge between the social and political aspects of remembering and the cognitive and discourse processes driving such activities. By analyzing these cognitive and discursive processes, Bietti explores practices of individual and collective remembering in institutional and private settings in relation to periods of political violence in Argentina. This books begins to fill the conceptual gap between cognitive oriented approaches to remembering that draw conclusions about how memory functions in the mind without a detailed discourse analysis of the communicative interaction in which this process unfolds, and the discourse and pragmatic oriented approaches that are mainly interested in analyzing the rhetorical features of conversational remembering, in some cases disregarding that there are underlying cognitive mechanisms that drive the construction of discourses about past experiences. The empirical analysis shows that individual and collective remembering in relation to periods of political violence in Argentina vary in pragmatic ways due to the fact that these accounts of the past were constructed with reference to the communicative situation. Thus, this book also aims at shedding new light on the current practices of commemoration and remembrance related to periods of political violence in Argentina, in public and private settings. 410 0$aMedia and cultural memory ;$vVolume 16. 606 $aMemory 606 $aCollective memory 606 $aCognition 606 $aSocial psychology 608 $aElectronic books. 615 0$aMemory. 615 0$aCollective memory. 615 0$aCognition. 615 0$aSocial psychology. 676 $a153.1/3 686 $aEC 2410$2rvk 700 $aBietti$b Lucas M.$01030194 801 0$bMiAaPQ 801 1$bMiAaPQ 801 2$bMiAaPQ 906 $aBOOK 912 $a9910464741203321 996 $aDiscursive remembering$92447004 997 $aUNINA LEADER 03296oam 2200697 c 450 001 9910433234203321 005 20260302090207.0 010 $a9783847415480 010 $a3847415484 024 3 $a9783847415480 035 $a(CKB)4100000010081654 035 $a(MiAaPQ)EBC6011638 035 $a(Verlag Barbara Budrich)9783847415480 035 $a(oapen)https://directory.doabooks.org/handle/20.500.12854/37205 035 $a(Perlego)3257473 035 $a(oapen)doab37205 035 $a(EXLCZ)994100000010081654 100 $a20260302d2020 uy 0 101 0 $ager 135 $aurcnu|||||||| 181 $ctxt$2rdacontent 182 $cc$2rdamedia 183 $acr$2rdacarrier 200 00$aDigitalisierung ? Subjekt ? Bildung $eKritische Betrachtungen der digitalen Transformation /$fValentin Dander, Patrick Bettinger, Estella Ferraro, Christian Leineweber, Klaus Rummler 205 $a1st ed. 210 $aLeverkusen$cVerlag Barbara Budrich$d2020 215 $a1 online resource (278 pages) 311 08$a9783847423508 311 08$a3847423509 330 $aDer Band versammelt kritische Perspektiven auf digitale Transformationen und diesen zugrunde liegende Mechanismen wie Quantifizierung, Algorithmisierung und Kommerzialisierung. Die Autor*innen aus Medienpädagogik, Erziehungswissenschaft, Bildungsforschung und Medienwissenschaft problematisieren in ihren Beiträgen Tendenzen der ökonomistischen und technizistischen Vereinnahmung und beschreiben widerständige Praktiken. Ihnen allen geht es dabei auf je spezifische Weise um die Frage nach dem komplexen Verhältnis des Subjektes zu Gesellschaft, Institutionen und Medien ? und Möglichkeiten seiner Veränderung. 330 1 $aDie Publikation von Dander u. a. Ist für diejenigen interessant, die sich mit Digitalisierung auf vielen verschiedenen Ebenen auseinandersetzen möchten(?)Die Beiträge sind dabei sowohl auf einem hohen fachlichen Niveau als auch gut lesbar gehalten. Merz_medien + Erziehung (Zeitschrift für Medienpädagogik)/ Oktober 2020 330 1 $aDigitalisierung ? Subjekt ? Bildung lädt zu reflektierendem und neugierigem Lesen ein und ermöglicht Denkreisen, In-sich-gehen und Analyse ? ein großartiges, überaus aktuelles Buch!socialenet.de, 25.08.2021 606 $aDigitale Medien 606 $aAlgorithmen 606 $aMedienpädagogik 606 $aMedienforschung 606 $aDigitale Bildung 606 $aDigitaler Kapitalismus 606 $aBildungsgerechtigkeit 606 $akritische Medienforschung 615 4$aDigitale Medien 615 4$aAlgorithmen 615 4$aMedienpädagogik 615 4$aMedienforschung 615 4$aDigitale Bildung 615 4$aDigitaler Kapitalismus 615 4$aBildungsgerechtigkeit 615 4$akritische Medienforschung 676 $a371.33 702 $aDander$b Valentin$cProf. Dr.$4edt 702 $aBettinger$b Patrick$cProf. Dr.$4edt 702 $aFerraro$b Estella$cDr.$4edt 702 $aLeineweber$b Christian$4edt 702 $aRummler$b Klaus$cDr.$4edt 801 0$bMiAaPQ 801 1$bMiAaPQ 801 2$bMiAaPQ 906 $aBOOK 912 $a9910433234203321 996 $aDigitalisierung - Subjekt - Bildung$94413437 997 $aUNINA